Caracteres / (Record no. 88779)

MARC details
000 -LEADER
campo de control de longitud fija 00986nam a2200301 i 4500
001 - NÚMERO DE CONTROL
campo de control 88779
003 - IDENTIFICADOR DE NÚMERO DE CONTROL
campo de control ES-MaACL
005 - FECHA Y HORA DE LA ÚLTIMA TRANSACCIÓN
campo de control 20250718062538.0
007 - CAMPO FIJO DE DESCRIPCIÓN FÍSICA--INFORMACIÓN GENERAL
campo de control de longitud fija t|
008 - DATOS DE LONGITUD FIJA--INFORMACIÓN GENERAL
campo de control de longitud fija 041215s1995 sp ||||1| spa d
020 ## - NÚMERO INTERNACIONAL ESTÁNDAR DEL LIBRO
Número Internacional Estándar del Libro 84-395-4073-6
080 ## - NÚMERO DE LA CLASIFICACIÓN DECIMAL UNIVERSAL
Número de la Clasificación Decimal Universal 159.923(02)"-03"
080 ## - NÚMERO DE LA CLASIFICACIÓN DECIMAL UNIVERSAL
Número de la Clasificación Decimal Universal 17
080 ## - NÚMERO DE LA CLASIFICACIÓN DECIMAL UNIVERSAL
Número de la Clasificación Decimal Universal 821.14-6"02"
100 0# - ENTRADA PRINCIPAL--NOMBRE DE PERSONA
Nombre de persona Teofrasto.
9 (RLIN) 109716
245 10 - MENCIÓN DEL TÍTULO
Título Caracteres /
Mención de responsabilidad, etc. Teofastro. Cartas de parásitos ; Cartas de cortesanas / Alcifrón ; introducción, traducciones y notas: Elisa Ruiz García.
260 ## - PUBLICACIÓN, DISTRIBUCIÓN, ETC.
Lugar de publicación, distribución, etc. [Barcelona] :
Nombre del editor, distribuidor, etc. Planeta-De Agostini,
Fecha de publicación, distribución, etc. [1995]
300 ## - DESCRIPCIÓN FÍSICA
Extensión 254 p. ;
Dimensiones 20 cm.
490 1# - MENCIÓN DE SERIE
Mención de serie Los clásicos de Grecia y Roma ;
Designación de volumen o secuencia 21
650 #7 - PUNTO DE ACCESO ADICIONAL DE MATERIA--TÉRMINO DE MATERIA
Término de materia o nombre geográfico como elemento de entrada Ética
Fuente del encabezamiento o término embne
9 (RLIN) 12577
700 0# - ENTRADA AGREGADA--NOMBRE PERSONAL
Nombre de persona Alcifrón.
Título de la obra Epístolas.
9 (RLIN) 142572
700 1# - ENTRADA AGREGADA--NOMBRE PERSONAL
Nombre de persona Ruiz García, Elisa.
9 (RLIN) 100813
740 0# - ENTRADA AGREGADA--TÍTULO RELACIONADO/ANALÍTICO NO CONTROLADO
Título relacionado o analítico no controlado Cartas de parásitos.
740 0# - ENTRADA AGREGADA--TÍTULO RELACIONADO/ANALÍTICO NO CONTROLADO
Título relacionado o analítico no controlado Cartas de cortesanas.
830 0# - PUNTO DE ACCESO ADICIONAL DE SERIE-TÍTULO UNIFORME
Título uniforme Los clásicos de Grecia y Roma ;
Designación de volumen o secuencia 21
9 (RLIN) 184075
852 ## - LOCALIZACIÓN
Ubicación ES-MaACL
Número de control de estantería E-10613
Sublocalización o colección R.134819
Holdings
Estatus retirado Estado de pérdida Estado de daño No para préstamo Biblioteca de origen Biblioteca actual Ubicación en estantería Fecha de adquisición Fuente de adquisición Total de préstamos Signatura topográfica completa Código de barras Visto por última vez Precio de reemplazo Tipo de ítem Koha
        Biblioteca del Ateneo de Madrid Biblioteca del Ateneo de Madrid Depósito 2 17/01/2008     E-10613 1092730 23/02/2023 23/02/2023 Libro impreso